Оценка функции автокорреляции в виде сплайна первого порядка; Известия Томского политехнического университета [Известия ТПУ]; Т. 322, № 5 : Управление, вычислительная техника и информатика

Dades bibliogràfiques
Parent link:Известия Томского политехнического университета [Известия ТПУ]/ Томский политехнический университет (ТПУ).— , 2000-
Т. 322, № 5 : Управление, вычислительная техника и информатика.— 2013.— [С. 19-22]
Autor principal: Устинова В. Н. Вера Николаевна
Altres autors: Устинова И. Г. Ирина Георгиевна
Sumari:Заглавие с титульного листа
Электронная версия печатной публикации
Предложен метод выделения тренда автокорреляционной функции в виде сплайна первого порядка. На примере модельной сейсмической трассы и функции Бесселя показано, что предложенный метод дает лучшее приближение автокорреляционной функции, чем приближение, полученное с использованием стандартной формулы для оценивания функции автокорреляции.
Idioma:rus
Publicat: 2013
Col·lecció:Прикладная математика
Matèries:
Accés en línia:http://earchive.tpu.ru/bitstream/11683/4794/1/bulletin_tpu-2013-322-5-05.pdf
Format: MixedMaterials Electrònic Capítol de llibre
KOHA link:https://koha.lib.tpu.ru/cgi-bin/koha/opac-detail.pl?biblionumber=240383

MARC

LEADER 00000nla2a2200000 4500
001 240383
005 20231222112059.0
035 |a (RuTPU)RU\TPU\book\261637 
035 |a RU\TPU\book\261636 
090 |a 240383 
100 |a 20130620d2013 k y0rusy50 ca 
101 0 |a rus 
102 |a RU 
135 |a drnn ---uucaa 
181 0 |a i  
182 0 |a b 
200 1 |a Оценка функции автокорреляции в виде сплайна первого порядка  |f В. Н. Устинова, И. Г. Устинова 
203 |a Текст  |c электронный 
215 |a 1 файл (225 Кб) 
225 1 |a Прикладная математика 
300 |a Заглавие с титульного листа 
300 |a Электронная версия печатной публикации 
320 |a [Библиогр.: с. 22 (9 назв.)] 
330 |a Предложен метод выделения тренда автокорреляционной функции в виде сплайна первого порядка. На примере модельной сейсмической трассы и функции Бесселя показано, что предложенный метод дает лучшее приближение автокорреляционной функции, чем приближение, полученное с использованием стандартной формулы для оценивания функции автокорреляции. 
337 |a Adobe Reader 
461 1 |0 (RuTPU)RU\TPU\book\176237  |t Известия Томского политехнического университета [Известия ТПУ]  |f Томский политехнический университет (ТПУ)  |d 2000- 
463 1 |0 (RuTPU)RU\TPU\book\261554  |x 1684-8519  |t Т. 322, № 5 : Управление, вычислительная техника и информатика  |v [С. 19-22]  |d 2013  |p 227 с. 
610 1 |a автокорреляционные функции 
610 1 |a тренды 
610 1 |a сплайны 
610 1 |a сейсмические данные 
610 1 |a сейсмическая информация 
610 1 |a обработка 
610 1 |a труды учёных ТПУ 
610 1 |a электронный ресурс 
700 1 |a Устинова  |b В. Н.  |c геофизик  |c профессор Томского политехнического университета, доктор геолого-минералогических наук  |f 1955-  |g Вера Николаевна  |3 (RuTPU)RU\TPU\pers\29351 
701 1 |a Устинова  |b И. Г.  |c математик  |c доцент Томского политехнического университета, кандидат технических наук  |f 1960-  |g Ирина Георгиевна  |3 (RuTPU)RU\TPU\pers\29352  |9 13938 
801 1 |a RU  |b 63413507  |c 20090623  |g PSBO 
801 2 |a RU  |b 63413507  |c 20220204  |g PSBO 
856 4 |u http://earchive.tpu.ru/bitstream/11683/4794/1/bulletin_tpu-2013-322-5-05.pdf 
942 |c CF